000 01018nam a2200253Ia 4500
003 OSt
005 20220930094902.0
006 a|||||r|||| 00| 0
007 ta
008 220926b |||||||| |||| 00| 0 hin d
024 _a32483
037 _cTheses
040 _aCRL
_cCRL
_bhin
041 _2hin
_ahin
100 _aपुष्पेन्दु, कुमार, ले.
110 _aदिल्ली विश्वविद्यालय. कला संकाय. हिन्दी
_9556583
245 0 _aभूमण्डलीकरण और हिन्दी कहानी की अंतरक्रिया
246 _aBhūmaṇḍalīkaraṇ aur hindī kahānī kī aantarakriyā
260 _c2014
300 _a227पृ.
_ap.
_ccm.
700 _aदिल्ली विश्वविद्यालय. कला संकाय. हिन्दी
_9556584
942 _cDIS
_2CC
999 _c887862
_d887862